Airlines By Logo - Statistics

General Stats
  • This quiz has been taken 505 times
  • The average score is 11 of 15
Answer Stats
Picture Answer % Correct
Lufthansa
97%
Qantas
94%
Emirates
91%
British Airways
89%
Korean Air
89%
Air France
88%
Qatar
85%
Finnair
78%
Cathay Pacific
77%
Iberia
77%
China Southern
64%
Vueling
55%
Cargolux
53%
Transavia
50%
Condor
44%
No matching quizzes found
Score Distribution
Percent of People with Each Score
Percentile by Number Answered
Your Score History
You have not taken this quiz